Expulsados de la globalización: políticas migratorias y deportados centroamericanos /
Este libro trata el tema de la penalización de la migración centroamericana hacia los Estados Unidos. Describe las distintas facetas del castigo ejemplar al que son sometidos -la deportación- y los peligros asociados al incremento de los controles y barreras migratorias de ese país.
Guardado en:
| Hovedforfatter: | |
|---|---|
| Format: | Ukendt |
| Sprog: | Spanish |
| Udgivet: |
Managua, Nicaragua : Instituto de Historia de Nicaragua y Centroamerica
2010
|
| Fag: | |
| Tags: |
Tilføj Tag
Ingen Tags, Vær først til at tagge denne postø!
|
MARC
| LEADER | 00000 a2200000 04500 | ||
|---|---|---|---|
| 001 | 43093 | ||
| 003 | cru CIDCACS/IIS | ||
| 005 | 20240718151142.0 | ||
| 008 | 050702s2010 nq spa d | ||
| 020 | |a 978-99924-986-9-9 | ||
| 040 | |a cru CIDCACS/IIS |b spa |c cru CIDCACS/IIS | ||
| 090 | |a 14.07.01 R672e | ||
| 100 | |a Rocha, José Luis | ||
| 245 | |a Expulsados de la globalización: |b políticas migratorias y deportados centroamericanos / |c José Luis Rocha | ||
| 260 | |b Managua, Nicaragua : |b Instituto de Historia de Nicaragua y Centroamerica |c 2010 | ||
| 300 | |a 324 páginas |b tablas, fotos | ||
| 520 | |a Este libro trata el tema de la penalización de la migración centroamericana hacia los Estados Unidos. Describe las distintas facetas del castigo ejemplar al que son sometidos -la deportación- y los peligros asociados al incremento de los controles y barreras migratorias de ese país. | ||
| 590 | |a RRA/JUNIO2012 | ||
| 650 | |a MIGRACION | ||
| 650 | |a MIGRATES | ||
| 650 | |a POLITICA MIGRATORIA | ||
| 650 | |a DISCRIMINACION | ||
| 650 | |a ESTADOS UNIDOS | ||
| 650 | |a AMERICA CENTRAL | ||
| 942 | |2 z |c LI |h 14.07.01 R672e |i 13046 |i 14436 |k 14.07.01 |m R672e |6 140701_R672E_13046__14436 | ||
| 999 | |c 13887 |d 13887 | ||



